| 000 | 00000nam 2200000za 4500 |
| 001 | 9.803415 |
| 003 | CaOODSP |
| 005 | 20221107135214 |
| 007 | cr ||||||||||| |
| 008 | 150406s2015 onc|||||o f00| 0 eng d |
| 040 | |aCaOODSP|beng |
| 043 | |an-cn--- |
| 086 | 1 |aRv55-5/3-1-8-2015E-PDF |
| 245 | 00|aCargo – export movements |h[electronic resource]. |
| 260 | |aOttawa : |bCanada Border Services Agency, |c2015. |
| 300 | |a9 p. |
| 490 | 1 |aCustoms D memoranda. D3, Transportation ; |x2369-2391|vD3-1-8, August 17, 2015 |
| 500 | |aIssued also in French under title: Transport du fret – exportations. |
| 500 | |aSuperseded Memorandum D - D3-1-8, dated May 4, 2007. |
| 504 | |aIncludes bibliographical references. |
| 692 | 07|2gccst|aTransport |
| 710 | 2 |aCanada Border Services Agency. |
| 775 | 08|tTransport du fret – exportations |w(CaOODSP)9.803416 |
| 794 | |tCargo – export movements |w(CaOODSP)9.837736 |
| 830 | #0|aCustoms D memoranda. D3, Transportation,|x2369-2391|vD3-1-8, August 17, 2015|w(CaOODSP)9.816825 |
| 856 | 40|qPDF|s118 KB|uhttps://publications.gc.ca/collections/collection_2015/asfc-cbsa/Rv55-5-3-1-8-2015-eng.pdf |